[Event "Tourn. n8052"]
[Site "www.chess-mail.com"]
[Date "2015.02.19"]
[Round "1"]
[White "Wildtiger"]
[Black "Gene4267"]
[WhiteElo "1219"]
[BlackElo "1499"]
[Result "0-1"]
[Round "1"]
1.e4 e6
2.d4 d5
3.Nb1c3 Bf8b4
4.Qd1g4 Ng8f6
5.Qg4xg7 Rh8g8
6.Qg7h6 Rg8g6
7.Qh6e3 dxe4
8.Ng1e2 Nb8c6
9.a3 Bb4a5
10.b4 Ba5b6
11.Bc1b2 Nc6xd4
12.Ne2xd4 Bb6xd4
13.Qe3e2 Nf6d5
14.Qe2c4 Bd4xc3
15.Bb2xc3 Nd5xc3
16.Qc4xc3 f6
17.Bf1b5 c6
18.Ra1d1 Qd8c7
19.Bb5a4 e5
20.O-O Bc8d7
21.Ba4b3 O-O-O
22.Rf1e1 Bd7f5
23.b5 Rd8xd1
24.Re1xd1 c5
25.Rd1d5 b6
26.Qc3d2 c4
27.Bb3a2 c3
28.Qd2e3 Bf5e6
29.Rd5d8 Kxd8
30.Ba2xe6 Qc7d6
31.Be6c4 Qd6d1
32.Bc4f1 Qd1xc2
33.g3 f5
34.Kg2 f4
35.Qe3e1 e3
36.Kg1 Qc2d2
37.Qe1a1 exf2
38.Kh1 fxg3
39.a4 g2
40.Bf1xg2 Qd2e1
{ resign }
0-1

[Event "Tourn. n8042"]
[Site "www.chess-mail.com"]
[Date "2015.02.19"]
[Round "1"]
[White "Vitoriccardo"]
[Black "4knights"]
[WhiteElo "1499"]
[BlackElo "1499"]
[Result "0-1"]
[Round "1"]
1.e4 e5
2.Ng1f3 Ng8f6
3.d4 Nf6xe4
4.Bf1d3 d5
5.Nf3xe5 Nb8c6
6.Ne5xc6 bxc6
7.Qd1e2 Qd8e7
8.O-O Ne4d6
9.Rf1e1 Qe7xe2
10.Re1xe2 Bf8e7
11.Bc1f4 Bc8e6
12.Nb1c3 O-O
13.Ra1e1 Ra8b8
14.b3 Be7f6
15.Bf4e5 Bf6e7
16.Re2e3 Be7g5
17.Re3g3 Bg5h6
18.Nc3e2 Rf8e8
19.Ne2f4 Be6f5
20.Nf4h5 Bf5g6
21.Nh5xg7 Bh6xg7
22.h4 Re8e6
23.Re1e3 Rb8e8
24.h5 Bg7xe5
25.dxe5 d4
26.Re3f3 Re6xe5
27.hxg6 fxg6
28.Bd3xg6 Re5e1
29.Kh2 hxg6
30.Rg3xg6 Kh7
31.Rg6g4 Re8e6
32.Rf3g3 Re6h6
33.Rg3h3 Rh6xh3
34.gxh3 Re1e4
35.Rg4xe4 Nd6xe4
36.Kg2 c5
37.Kf3 Ne4c3
38.a4 a5
39.Kf4 c4
40.bxc4 Nc3xa4
41.Ke4 c5
42.Kd5 Kg6
43.Ke4 Na4b6
{ resign }
0-1

[Event "Match"]
[Site "www.echecsemail.com"]
[Date "2015.02.19"]
[Round "1"]
[White "Drdoom"]
[Black "Andychesston"]
[WhiteElo "1710"]
[BlackElo "1760"]
[Result "0-1"]
[Round "1"]
1.e4 e5
2.Ng1f3 d6
3.h3 Ng8f6
4.d3 Nb8c6
5.c4 Bc8e6
6.Nb1c3 Bf8e7
7.Bf1e2 O-O
8.O-O a6
9.Nc3d5 Nc6d4
10.Nf3xd4 Be6xd5
11.cxd5 exd4
12.Qd1a4 c6
13.Qa4b3 Qd8c7
14.Rf1e1 c5
15.Bc1d2 b6
16.a3 a5
17.Qb3c4 Rf8b8
18.Qc4b5 Qc7d7
19.Qb5b3 a4
20.Qb3c2 b5
21.Re1b1 Be7d8
22.b3 axb3
23.Rb1xb3 Bd8a5
24.a4 Ba5xd2
25.Qc2xd2 b4
26.Qd2c2 Ra8a7
27.a5 Rb8a8
28.a6 Ra7xa6
29.Rb3b1 Ra6xa1
30.Rb1xa1 Ra8xa1
31.Kh2 Qd7a4
32.Qc2d2 Ra1a2
33.Qd2e1 b3
34.Be2d1 c4
35.f3 c3
{ resign }
0-1

[Event "Match"]
[Site "www.echecsemail.com"]
[Date "2015.02.19"]
[Round "1"]
[White "Genius9"]
[Black "Pariolinius"]
[WhiteElo "1220"]
[BlackElo "1780"]
[Result "0-1"]
[Round "1"]
1.c4 Ng8f6
2.Nb1c3 g6
3.d4 d5
4.cxd5 Nf6xd5
5.Bc1d2 Bf8g7
6.e4 Nd5b6
7.Bd2e3 O-O
8.h3 c5
9.dxc5 Qd8xd1
10.Ra1xd1 Nb6d7
11.Rd1c1 Nb8c6
12.a3 Nd7f6
13.f3 Bc8e6
14.Bf1b5 Nc6a5
15.b4 Na5c4
16.Bb5xc4 Be6xc4
17.Ng1e2 Ra8d8
18.Kf2 e6
19.Rh1d1 Nf6d7
20.Ne2d4 Nd7e5
21.Rc1b1 Ne5d3
22.Rd1xd3 Bc4xd3
23.Rb1d1 Bd3c4
24.Nd4e2 Bc4xe2
25.Rd1xd8 Rf8xd8
26.Nc3xe2 Rd8d3
27.a4 Rd3b3
28.b5 Rb3b4
29.c6 bxc6
30.bxc6 Rb4xa4
31.Ne2f4 Bg7e5
32.Nf4d3 Be5c7
33.Nd3c5 Ra4a2
34.Kf1 Kf8
35.Nc5d7 Ke7
{ resign }
0-1

[Event "1/8 Finale"]
[Site "www.chess-mail.com"]
[Date "2015.02.19"]
[Round "1"]
[White "Bevittsmith"]
[Black "Cobraxx7"]
[WhiteElo "2230"]
[BlackElo "2590"]
[Result "0-1"]
[Round "1"]
1.e4 c5
2.Ng1f3 d6
3.d4 cxd4
4.Nf3xd4 Ng8f6
5.Nb1c3 Nb8c6
6.Bf1e2 g6
7.Bc1e3 Bf8g7
8.Nd4b3 O-O
9.f4 e5
10.O-O exf4
11.Be3xf4 Rf8e8
12.Be2f3 Nc6e5
13.Kh1 Bc8e6
14.Nb3d4 Qd8b6
15.Nc3a4 Qb6c7
16.Nd4xe6 Re8xe6
17.Ra1c1 Ne5xf3
18.gxf3 Qc7c6
19.Na4c3 Nf6d7
20.Bf4d2 Nd7b6
21.Qd1e1 d5
22.Qe1h4 Bg7xc3
23.Bd2xc3 dxe4
{ resign }
0-1

[Event "Tourn. n8056"]
[Site "www.chess-mail.com"]
[Date "2015.02.19"]
[Round "1"]
[White "E4player"]
[Black "Crull"]
[WhiteElo "1809"]
[BlackElo "1810"]
[Result "1-0"]
[Round "1"]
1.e4 c5
2.Nb1c3 Ng8f6
3.e5 Nf6g8
4.Ng1f3 e6
5.d4 a6
6.dxc5 Bf8xc5
7.Nc3e4 Bc5b4
8.c3 Bb4a5
9.Ne4d6 Ke7
10.Nf3g5 Ng8h6
11.Ng5e4 Nb8c6
12.Bc1g5 f6
13.exf6 Kf8
14.fxg7 { resign }
1-0

[Event "Tourn. n8085"]
[Site "www.chess-mail.com"]
[Date "2015.02.19"]
[Round "1"]
[White "Terrible"]
[Black "Xkafi"]
[WhiteElo "2300"]
[BlackElo "1990"]
[Result "1-0"]
[Round "1"]
1.d4 d5
2.Ng1f3 f6
3.c4 dxc4
4.Qd1a4 Nb8c6
5.Qa4xc4 Qd8d6
6.Nb1c3 Bc8g4
7.Nc3b5 Qd6d7
8.Bc1f4 Ra8c8
9.Ra1d1 a6
10.Nb5c3 Rc8d8
11.d5 Nc6a7
12.e4 Bg4xf3
13.gxf3 Na7b5
14.Nc3xb5 axb5
15.Qc4xb5 c6
16.Qb5a4 Qd7c8
17.Rd1c1 Qc8d7
18.dxc6 bxc6
19.Rc1xc6 Kf7
20.Bf1c4 Kg6
21.Rh1g1 Kh5
22.Bc4e6 { resign }
1-0

[Event "Tourn. n7947"]
[Site "www.chess-mail.com"]
[Date "2015.02.19"]
[Round "1"]
[White "Maxlou"]
[Black "Generalfree"]
[WhiteElo "1660"]
[BlackElo "1720"]
[Result "1-0"]
[Round "1"]
1.d4 g6
2.c4 e6
3.Nb1c3 a6
4.Ng1f3 d6
5.e4 Bc8d7
6.Bf1e2 Bf8g7
7.O-O f6
8.d5 e5
9.h4 h5
10.Qd1b3 b6
11.Bc1e3 Bd7g4
12.a4 Nb8d7
13.a5 Qd8b8
14.axb6 cxb6
15.Qb3c2 Ng8e7
16.Ra1a3 f5
17.Rf1a1 a5
18.Nf3g5 f4
19.Be3d2 Bg4xe2
20.Nc3xe2 Nd7c5
21.b4 Nc5b7
22.Qc2a4 Kf8
23.Bd2c3 Bg7h6
24.Ne2xf4 Bh6xg5
25.Nf4e6 { resign }
1-0

[Event "Tourn. n8010"]
[Site "www.chess-mail.com"]
[Date "2015.02.19"]
[Round "1"]
[White "Iko"]
[Black "Tomcapp"]
[WhiteElo "1440"]
[BlackElo "1460"]
[Result "1-0"]
[Round "1"]
1.e4 e5
2.Ng1f3 Nb8c6
3.Bf1b5 a6
4.Bb5xc6 dxc6
5.Nf3xe5 Qd8h4
6.Qd1f3 Ng8f6
7.g4 Bf8c5
8.O-O Bc5d6
9.Qf3c3 Qh4xg4
10.Ne5xg4 Nf6xg4
11.Qc3xg7 Rh8f8
12.Qg7xh7 Ng4xh2
13.e5 Nh2xf1
14.exd6 Nf1xd2
15.Bc1xd2 Bc8e6
16.dxc7 Ra8c8
17.Bd2f4 Kd7
18.Qh7d3 Be6d5
19.c4 Rf8g8
20.Kf1 Ke8
21.cxd5 c5
22.d6 Kd7
23.Nb1c3 b5
24.Ra1e1 c4
25.Qd3f5 Kc6
26.Qf5d5 Kd7
27.Qd5xf7 Kc6
28.Nc3d5 Rg8f8
29.Qf7g6 Kxd5
30.Qg6e4 Kc5
31.d7 Rc8a8
32.Qe4xa8 Rf8xa8
33.c8Q Ra8xc8
34.dxc8Q Kb4
35.Qc8xa6 Kc5
36.Qa6d6 
1-0

[Event "Match"]
[Site "www.echecsemail.com"]
[Date "2015.02.19"]
[Round "1"]
[White "Darknight"]
[Black "Andychesston"]
[WhiteElo "1770"]
[BlackElo "1760"]
[Result "0-1"]
[Round "1"]
1.e4 e5
2.Bf1c4 Ng8f6
3.d3 Bf8e7
4.h3 O-O
5.Bc1g5 c6
6.h4 d5
7.exd5 cxd5
8.Bc4b3 Nb8c6
9.c3 h6
10.Nb1d2 Bc8f5
11.Bg5xf6 Be7xf6
12.g3 Bf5xd3
13.Ng1f3 e4
14.Nf3d4 Bf6xd4
15.cxd4 Nc6xd4
16.f3 Rf8e8
17.Ra1c1 e3
18.Nd2b1 Nd4xf3
19.Qd1xf3 Bd3e4
20.Qf3f1 Be4xh1
21.Qf1xh1 Qd8a5
22.Kf1 e2
23.Kf2 Qa5b6
24.Kg2 Ra8d8
25.Rc1e1 d4
26.Kh2 Rd8d6
27.Qh1f3 Rd6f6
28.Qf3g2 d3
29.Qg2g1 Rf6f2
30.Kh3 Qb6f6
31.Nb1d2 Qf6f5
32.g4 Re8e3
33.Qg1g3 Re3xg3
34.Kxg3 Qf5f4
35.Kh3 Qf4h2

0-1

[Event "Tourn. n8047"]
[Site "www.chess-mail.com"]
[Date "2015.02.20"]
[Round "1"]
[White "Winterlude"]
[Black "Woodpusher2"]
[WhiteElo "2540"]
[BlackElo "2510"]
[Result "0-1"]
[Round "1"]
1.e4 e5
2.f4 exf4
3.Bf1c4 d5
4.Bc4xd5 Ng8f6
5.Ng1f3 Nf6xd5
6.exd5 Qd8xd5
7.Nb1c3 Qd5f5
8.d4 Nb8c6
9.d5 Nc6b4
10.O-O Bf8c5
11.Kh1 O-O
12.a3 Nb4xc2
13.Nf3h4 Qf5g4
14.Qd1xc2 Qg4xh4
15.Bc1xf4 Bc8d7
16.Bf4xc7 Ra8c8
17.Bc7g3 Qh4c4
18.Qc2d2 Rf8e8
19.Rf1f3 f6
20.h3 a5
21.Ra1d1 b6
22.d6 Rc8d8
23.Bg3f2 Bd7c6
24.Rf3d3 Kh8
25.Bf2xc5 bxc5
26.Rd3e3 Re8e6
27.Kg1 a4
28.Re3xe6 Qc4xe6
29.Qd2f4 Kg8
30.Qf4g3 Kf7
31.Qg3f4 g5
32.Qf4g3 Qe6e5
33.Qg3d3 Kg7
34.Rd1d2 h5
35.Qd3e2 Qe5xe2
36.Nc3xe2 h4
37.Rd2c2 Rd8xd6
38.Rc2xc5 Kg6
39.Kf2 Bc6e8
40.Rc5c8 Be8f7
41.Ke3 Bf7d5
42.Kf2 f5
43.Ne2c3 Bd5c6
44.Rc8c7 g4
45.hxg4 fxg4
46.Rc7e7 g3
47.Kg1 Kf6
48.Re7e2 Rd6e6
49.Re2xe6 Kxe6
50.Nc3d1 Kd5
51.Nd1e3 Ke4
{ resign }
0-1

[Event "Tourn. n7999"]
[Site "www.chess-mail.com"]
[Date "2015.02.20"]
[Round "1"]
[White "Karadajyan"]
[Black "Osopanda"]
[WhiteElo "2040"]
[BlackElo "2020"]
[Result "1-0"]
[Round "1"]
1.d4 d5
2.Bc1g5 h6
3.Bg5h4 c6
4.e3 Qd8d6
5.c4 e5
6.dxe5 Qd6xe5
7.Nb1c3 Ng8f6
8.Ng1f3 Qe5f5
9.cxd5 cxd5
10.Nf3d4 Qf5d7
11.Bh4xf6 gxf6
12.Qd1f3 Nb8c6
13.Nc3xd5 Bf8e7
14.Nd5xf6 Be7xf6
15.Qf3xf6 Rh8g8
16.Bf1b5 Rg8g6
17.Qf6h8 Ke7
18.Ra1c1 a6
19.Bb5xc6 bxc6
20.Qh8e5 Kd8
21.Rc1d1 Rg6d6
22.Nd4xc6 Qd7xc6
23.Rd1xd6 { resign }
1-0

[Event "Tourn. n8080"]
[Site "www.chess-mail.com"]
[Date "2015.02.20"]
[Round "1"]
[White "Libiesse"]
[Black "Guidom"]
[WhiteElo "1980"]
[BlackElo "2060"]
[Result "1/2-1/2"]
[Round "1"]
1.d4 d5
2.c4 Ng8f6
3.Ng1f3 e6
4.Bc1g5 Bf8e7
5.Nb1c3 c6
6.cxd5 exd5
7.e3 O-O
8.Bf1d3 h6
9.Bg5h4 Bc8g4
10.h3 Bg4h5
11.Qd1c2 Bh5xf3
12.gxf3 Nf6d7
13.Bh4xe7 Qd8xe7
14.Ke2 Nd7b6
15.Ra1g1 c5
16.dxc5 Qe7xc5
17.Rg1g4 d4
18.Rg4xd4 Nb8c6
19.Rd4g4 Nc6e5
20.Rg4d4 Ne5xd3
21.Qc2xd3 Rf8e8
22.Rh1g1 Re8e6
23.Rd4d8 { draw }
1/2-1/2

[Event "Tourn. n8088"]
[Site "www.chess-mail.com"]
[Date "2015.02.20"]
[Round "1"]
[White "Sorren"]
[Black "Llcervello"]
[WhiteElo "1840"]
[BlackElo "1710"]
[Result "1-0"]
[Round "1"]
1.e4 e5
2.Ng1f3 d6
3.d4 f6
4.dxe5 fxe5
5.Nf3xe5 Ng8f6
6.Ne5f3 Nf6xe4
7.Bf1d3 Qd8e7
8.O-O h6
9.Rf1e1 d5
10.Nb1d2 Bc8f5
11.Nf3d4 Qe7f6
12.Nd4xf5 Qf6xf5
13.Nd2xe4 Bf8e7
14.Ne4d6 cxd6
15.Bd3xf5 Rh8f8
16.Bf5g6 Kd7
17.Qd1xd5 Kc7
18.Re1xe7 Nb8d7
19.Re7xg7 Ra8e8
20.Bg6xe8 Rf8xe8
21.Bc1f4 Kb6
22.Rg7xd7 { resign }
1-0

[Event "Tourn. n8088"]
[Site "www.chess-mail.com"]
[Date "2015.02.20"]
[Round "1"]
[White "Amaya"]
[Black "Llcervello"]
[WhiteElo "1870"]
[BlackElo "1710"]
[Result "1-0"]
[Round "1"]
1.d4 d5
2.e3 c6
3.Bf1d3 g6
4.Nb1d2 f5
5.f4 e6
6.Ng1f3 b5
7.O-O Ng8f6
8.a3 Nf6g4
9.Qd1e2 Nb8d7
10.Nf3e5 Ng4xh2
11.Kxh2 Qd8h4
12.Kg1 Nd7f6
13.Nd2f3 Qh4h6
14.Ne5xc6 a6
15.Nc6e5 Bf8d6
16.Bc1d2 Nf6h5
17.Nf3g5 Nh5g3
18.Qe2f3 Qh6h1
19.Kf2 Ng3xf1
20.Ra1xf1 Qh1h4
21.g3 Qh4h2
22.Ke1 h6
23.Ng5f7 Rh8h7
24.Rf1h1 Qh2xh1
25.Qf3xh1 Bd6xe5
26.Nf7xe5 h5
27.Qh1h4 Ra8a7
28.Ne5c6 Ra7c7
29.Qh4d8 { resign }
1-0

[Event "Match"]
[Site "www.echecsemail.com"]
[Date "2015.02.20"]
[Round "1"]
[White "Harrytheking"]
[Black "Gilliere"]
[WhiteElo "1770"]
[BlackElo "1870"]
[Result "0-1"]
[Round "1"]
1.c4 e5
2.e4 d6
3.h3 Ng8f6
4.Nb1c3 Nb8c6
5.Ng1f3 Bf8e7
6.Bf1d3 O-O
7.O-O Nc6b4
8.Bd3e2 b6
9.a3 Nb4c6
10.d3 h6
11.b4 Nf6h7
12.Nc3d5 Rf8e8
13.Nd5xe7 Nc6xe7
14.Bc1b2 Bc8b7
15.b5 f6
16.Rf1e1 Ne7g6
17.Bb2c1 Ng6f4
18.Be2f1 Bb7c8
19.Bc1xf4 exf4
20.Bf1e2 g5
21.a4 Bc8b7
22.Qd1b3 Kg7
23.Nf3h2 Nh7f8
24.Be2h5 Re8e7
25.Nh2g4 Nf8e6
26.Qb3c3 Qd8f8
27.e5 dxe5
28.Ng4xe5 fxe5
29.Qc3xe5 Qf8f6
30.Qe5e2 Kf8
31.Qe2g4 Bb7c8
32.Qg4f3 Ra8b8
33.Bh5g4 Ne6d4
34.Qf3d1 Re7xe1
35.Qd1xe1 Bc8xg4
36.hxg4 Nd4c2
37.Qe1d2 Nc2xa1
38.f3 Qf6d4
39.Kh2 Na1b3
40.Qd2b4 Nb3c5
41.a5 Kf7
42.axb6 axb6
{ resign }
0-1

[Event "Match"]
[Site "www.echecsemail.com"]
[Date "2015.02.20"]
[Round "1"]
[White "Holmjb"]
[Black "Amaya"]
[WhiteElo "2170"]
[BlackElo "1870"]
[Result "0-1"]
[Round "1"]
1.c4 Ng8f6
2.Nb1c3 g6
3.g3 Bf8g7
4.Bf1g2 c6
5.d4 O-O
6.Ng1f3 d5
7.c5 Bc8g4
8.O-O Nb8d7
9.h3 Bg4xf3
10.Bg2xf3 e5
11.dxe5 Nd7xe5
12.Bf3g2 Nf6d7
13.b4 Ne5c4
14.Qd1d3 Nd7e5
15.Qd3c2 Rf8e8
16.Ra1b1 a6
17.e3 Qd8f6
18.Nc3e2 Ne5f3
19.Kh1 Bg7h6
20.Ne2g1 Nf3g5
21.e4 Ng5xe4
22.Bg2xe4 Re8xe4
23.a3 Ra8e8
24.Rb1b3 Bh6xc1
25.Qc2xc1 Re4d4
26.Ng1f3 Rd4e4
27.Kg2 Nc4e5
28.Nf3xe5 Re8xe5
29.Rb3e3 Re4xe3
30.fxe3 Qf6e6
31.Rf1f3 Re5h5
32.g4 Rh5g5
33.e4 Rg5e5
34.exd5 Qe6xd5
35.Kg3 Re5e2
36.Qc1f4 g5
37.Qf4f6 Re2e1
38.Kg2 Re1e2
39.Kg3 Re2e1
40.Rf3f1 Qd5d3
41.Qf6f3 Re1e3
{ resign }
0-1

[Event "Match"]
[Site "www.echecsemail.com"]
[Date "2015.02.20"]
[Round "1"]
[White "Gilliere"]
[Black "Darknight"]
[WhiteElo "1880"]
[BlackElo "1750"]
[Result "0-1"]
[Round "1"]
1.e4 e5
2.Ng1f3 d6
3.d4 exd4
4.Qd1xd4 c5
5.Qd4d1 h6
6.Bf1b5 Bc8d7
7.Bb5xd7 Nb8xd7
8.Nb1c3 a6
9.O-O Ng8f6
10.Rf1e1 Qd8c7
11.Nc3d5 Nf6xd5
12.exd5 Bf8e7
13.Qd1e2 Nd7e5
14.Nf3xe5 dxe5
15.Qe2xe5 Qc7xe5
16.Re1xe5 Ra8d8
17.Bc1e3 b6
18.b4 Kf8
19.bxc5 Be7f6
20.cxb6 Bf6xe5
21.Ra1b1 Rd8b8
22.c4 Ke7
23.c5 Be5c7
24.d6 Bc7xd6
25.cxd6 Kd7
26.Be3f4 Rh8e8
27.Kf1 h5
28.h4 f6
29.Bf4g3 f5
30.Bg3f4 Re8e4
31.g3 Re4a4
32.Rb1b2 Ra4c4
33.Kg2 Rc4c6
34.b7 a5
35.Bf4e5 g6
36.f4 Rc6a6
37.Rb2b5 Ra6a7
38.a4 Rb8xb7
39.Rb5xb7 Ra7xb7
40.Kf3 Rb7b3
41.Kf2 Rb3a3
42.Ke2 Ra3xa4
43.Kf2 Ra4c4
44.Kg2 a4
45.Kf2 a3
46.Kg2 a2
47.Kf2 Rc4e4
48.Be5a1 Kxd6
49.Kf3 Kc5
50.Kg2 Kb4
51.Kf3 Kb3
52.Kf2 Re4c4
53.Kg2 Rc4c1
54.Ba1e5 Rc1c2
55.Kf3 Rc2b2
56.Be5xb2 Kxb2
57.Kf2 a1Q
{ resign }
0-1

[Event "Match"]
[Site "www.echecsemail.com"]
[Date "2015.02.20"]
[Round "1"]
[White "Bluetealeaf"]
[Black "Ztornad"]
[WhiteElo "1690"]
[BlackElo "1620"]
[Result "0-1"]
[Round "1"]
1.e4 e5
2.d4 Nb8c6
3.c3 h6
4.d5 Nc6e7
5.Qd1h5 d6
6.Ng1f3 g6
7.Qh5h4 h5
8.Nf3g5 Ng8h6
9.Bf1e2 Bf8g7
10.Bc1e3 Bc8d7
11.Qh4g3 f6
12.Ng5e6 Bd7xe6
13.dxe6 f5
14.exf5 Nh6xf5
15.Qg3f3 c6
16.Be3g5 O-O
17.Nb1d2 Bg7f6
18.Bg5h6 Bf6g7
19.Bh6xg7 Nf5xg7
20.Qf3e3 Ng7xe6
21.Qe3h6 Kf7
22.Qh6h7 Ne6g7
23.Qh7h6 Ne7f5
24.Qh6h7 Rf8h8
25.Qh7xh8 Qd8xh8
26.h3 h4
27.Be2g4 Nf5e7
28.Nd2e4 Kf8
29.Ne4xd6 Ng7f5
30.Nd6xb7 Ra8b8
31.Nb7d6 Nf5xd6
32.b4 e4
33.O-O Qh8xc3
34.a3 Nd6c4
35.Ra1c1 Qc3d4
36.Rc1d1 Qd4b2
37.Rf1e1 Qb2xa3
38.Re1xe4 Nc4b2
39.Rd1d7 Rb8e8
40.Re4f4 Ne7f5
41.Bg4xf5 gxf5
42.Rf4xf5 Kg8
43.Rf5g5 Kh8
44.Rg5h5 Kg8
45.Rh5xh4 Qa3c3
46.Rh4g4 Kh8
47.h4 Nb2d3
48.Rd7f7 Nd3e5
49.Rg4e4 Ne5xf7
50.Re4xe8 Kg7
51.Re8b8 a5
52.b5 Qc3e1
53.Kh2 Qe1e5
{ resign }
0-1

[Event "1/128 Finale"]
[Site "www.chess-mail.com"]
[Date "2015.02.20"]
[Round "1"]
[White "Sahetern"]
[Black "Lkaspar"]
[WhiteElo "1809"]
[BlackElo "1689"]
[Result "0-1"]
[Round "1"]
1.d4 Ng8f6
2.c4 e5
3.dxe5 Nf6g4
4.Ng1f3 Nb8c6
5.Qd1d5 Nc6b4
6.Qd5d4 Nb4c2
{ resign }
0-1

[Event "Eq:Latinoamerica-Slap Shot Mates : "]
[Site "www.chess-mail.com"]
[Date "2015.02.20"]
[Round "1"]
[White "Obisporey"]
[Black "Jpmartinez"]
[WhiteElo "2410"]
[BlackElo "2610"]
[Result "1/2-1/2"]
[Round "1"]
1.e4 e6
2.d4 d5
3.Nb1c3 Ng8f6
4.e5 Nf6d7
5.f4 c5
6.Ng1f3 Nb8c6
7.Bc1e3 a6
8.Qd1d2 b5
9.dxc5 Bf8xc5
10.Bf1d3 Qd8b6
11.Be3f2 Bc8b7
12.O-O Bc5xf2
13.Qd2xf2 Qb6xf2
14.Rf1xf2 Ke7
15.Nc3e2 f6
16.exf6 gxf6
17.Ra1e1 Nd7c5
18.Ne2c1 Nc5e4
19.Rf2e2 f5
20.c3 Rh8c8
21.Nc1b3 b4
22.c4 dxc4
23.Bd3xc4 Nc6d4
24.Nf3xd4 Rc8xc4
25.Nd4f3 Bb7d5
26.Nf3e5 Rc4c7
27.Nb3d4 Ra8d8
28.Re2c2 Rd8c8
29.Re1c1 Rc7xc2
30.Rc1xc2 Rc8xc2
31.Nd4xc2 a5
32.a3 bxa3
33.Nc2xa3 Kd6
34.Kf1 Kc5
35.Ne5d3 Kd4
36.Ke2 Ne4d6
37.Na3c2 Kc4
38.Nd3c1 Bd5e4
39.Nc2e3 Kb4
40.g3 a4
41.Kd2 Nd6c4
{ draw }
1/2-1/2

[Event "Eq:Slap Shot Mates-Los Tercios : "]
[Site "www.chess-mail.com"]
[Date "2015.02.20"]
[Round "1"]
[White "Desiderio"]
[Black "Leswamp"]
[WhiteElo "2020"]
[BlackElo "2440"]
[Result "0-1"]
[Round "1"]
1.d4 d5
2.c4 c6
3.Ng1f3 Ng8f6
4.Nb1c3 e6
5.Bc1g5 dxc4
6.e3 b5
7.Nc3e4 Bf8b4
8.Ne4d2 h6
9.Bg5h4 Bc8b7
10.Bf1e2 O-O
11.O-O c5
12.a3 Bb4xd2
13.Qd1xd2 cxd4
14.Qd2xd4 Qd8xd4
15.Nf3xd4 a6
16.Bh4xf6 gxf6
17.Be2f3 Bb7xf3
18.Nd4xf3 Nb8d7
19.Rf1d1 Nd7c5
20.Nf3e1 Rf8d8
21.Kf1 Kf8
22.Ke2 Ke7
23.Rd1xd8 Ra8xd8
24.Ra1d1 Nc5a4
25.Rd1d2 Rd8xd2
26.Kxd2 Na4xb2
27.Kc2 Nb2a4
28.Ne1f3 Kd6
29.Nf3d2 a5
30.f3 f5
31.h3 Kc5
32.e4 b4
33.axb4 axb4
34.exf5 exf5
35.f4 b3
36.Kb1 Kb4
37.Nd2f3 c3
38.Nf3d4 c2
39.Nd4xc2 bxc2
40.Kxc2 Kc4
41.Kd2 Kd4
42.Ke2 Ke4
43.g3 Na4c5
44.Kf2 Nc5e6
45.Ke2 h5
46.h4 Ne6xf4
47.gxf4 Kxf4
48.Kf2 Kg4
49.Kg2 Kxh4
50.Kf3 Kg5
51.Kg3 h4
52.Kh3 Kf4
53.Kxh4 Kf3
54.Kh3 f4
55.Kh2 Ke2
56.Kg1 f3
{ resign }
0-1

[Event "Fast Game"]
[Site "www.echecsemail.com"]
[Date "2015.02.20"]
[Round "1"]
[White "Dominiquer"]
[Black "Groz"]
[WhiteElo "1439"]
[BlackElo "1599"]
[Result "1-0"]
[Round "1"]
1.e4 g6
2.d4 Bf8g7
3.Ng1f3 e6
4.e5 d6
5.Bc1g5 f6
6.exf6 Bg7xf6
7.Bg5xf6 Ng8xf6
8.Nf3g5 O-O
9.Qd1e2 Qd8e7
10.Nb1c3 Rf8e8
11.O-O-O a6
12.Qe2f3 Nb8c6
13.Bf1c4 Nc6d8
14.Rd1e1 Qe7g7
15.Re1e2 h6
16.Ng5e4 Nf6xe4
17.Nc3xe4 Re8f8
18.Qf3b3 d5
19.Bc4xd5 exd5
20.Qb3xd5 Bc8e6
21.Qd5e5 Qg7xe5
22.dxe5 Nd8c6
23.Ne4f6 Kg7
24.g4 Nc6xe5
25.Nf6d7 Be6xd7
26.Re2xe5 Rf8xf2
27.g5 Bd7f5
28.Re5e7 Kf8
29.Re7xc7 Ra8c8
30.Rc7xc8 Bf5xc8
31.gxh6 Bc8f5
32.h4 Rf2xc2
33.Kd1 Rc2c7
{ time. }
1-0

[Event "Tourn. n8083"]
[Site "www.chess-mail.com"]
[Date "2015.02.21"]
[Round "1"]
[White "Fabos12"]
[Black "Amaya"]
[WhiteElo "1890"]
[BlackElo "1900"]
[Result "0-1"]
[Round "1"]
1.e4 e6
2.Nb1c3 d6
3.d4 Ng8f6
4.Bc1g5 Bf8e7
5.Bg5h4 O-O
6.Bf1d3 b6
7.Bh4xf6 Be7xf6
8.Qd1h5 g6
9.Qh5h6 e5
10.d5 Bf6g5
11.Qh6xg5 Qd8xg5
12.g3 Bc8a6
13.h4 Qg5d8
14.O-O-O Ba6xd3
15.Rd1xd3 Nb8a6
16.Ng1h3 Na6c5
17.Rd3f3 a6
18.b4 Nc5b7
19.a4 a5
20.b5 Nb7c5
21.Nh3g1 h5
22.Ng1e2 Qd8d7
23.Rf3e3 f5
24.f4 fxe4
25.Nc3xe4 Nc5xe4
26.Re3xe4 exf4
27.Ne2xf4 Ra8e8
28.Nf4e6 Rf8f3
29.g4 Rf3a3
30.Kb2 Ra3g3
31.g5 Rg3g4
32.Rh1e1 Rg4xe4
33.Re1xe4 Re8e7
34.Re4f4 Re7xe6
35.dxe6 Qd7xe6
36.Rf4f6 Qe6e5
37.Kb1 Qe5e1
38.Ka2 Kg7
{ resign }
0-1

[Event "Tourn. n8078"]
[Site "www.chess-mail.com"]
[Date "2015.02.21"]
[Round "1"]
[White "Xkafi"]
[Black "Picifarkinca"]
[WhiteElo "2000"]
[BlackElo "2260"]
[Result "1/2-1/2"]
[Round "1"]
1.e4 c6
2.d4 d5
3.e5 Bc8f5
4.Bf1d3 Bf5xd3
5.Qd1xd3 e6
6.Ng1f3 Nb8d7
7.Nf3g5 h6
8.Ng5f3 Qd8a5
{ draw }
1/2-1/2

[Event "Tourn. n8032"]
[Site "www.chess-mail.com"]
[Date "2015.02.21"]
[Round "1"]
[White "Maredocla"]
[Black "Umzi"]
[WhiteElo "2010"]
[BlackElo "2130"]
[Result "0-1"]
[Round "1"]
1.e4 d5
2.exd5 Qd8xd5
3.Nb1c3 Qd5a5
4.Bf1b5 c6
5.Bb5a4 Ng8f6
6.d3 Bc8e6
7.Bc1d2 Qa5c7
8.Ng1f3 b5
9.Ba4b3 Be6xb3
10.axb3 a5
11.Bd2f4 Qc7xf4
12.O-O e6
13.Nc3e2 Qf4c7
14.Qd1d2 b4
15.c4 c5
16.Qd2g5 h6
17.Qg5d2 Bf8e7
18.Ne2g3 O-O
19.Rf1e1 Nb8c6
20.Re1e2 Be7d6
21.Ra1e1 Bd6xg3
22.hxg3 Ra8d8
23.Nf3e5 Nc6xe5
24.Re2xe5 Rd8d4
25.f3 Rf8d8
26.Re1e3 Qc7d6
27.g4 Rd4xd3
28.Qd2xd3 Qd6xd3
29.Re3xd3 Rd8xd3
30.Re5xc5 Rd3xb3
31.Rc5xa5 Rb3xb2
32.Ra5b5 b3
33.c5 Nf6d5
34.c6 Rb2c2
35.Rb5xb3 Rc2xc6
36.Kf2 g5
37.Rb3b2 Nd5f4
38.Ke3 Kg7
39.g3 Nf4d5
40.Ke4 Kg6
41.Ke5 f6
42.Ke4 Rc6c1
43.Rb2g2 Rc1c4
44.Kd3 e5
45.Rg2f2 Rc4c1
46.Rf2g2 Nd5b4
47.Kd2 Rc1c2
{ resign }
0-1

[Event "Tourn. n7999"]
[Site "www.chess-mail.com"]
[Date "2015.02.21"]
[Round "1"]
[White "Picifarkinca"]
[Black "Osopanda"]
[WhiteElo "2040"]
[BlackElo "2020"]
[Result "1/2-1/2"]
[Round "1"]
1.Ng1f3 Ng8f6
2.g3 g6
3.Bf1g2 Bf8g7
4.c4 c6
5.d4 d5
6.cxd5 cxd5
7.O-O Nb8c6
8.Nb1c3 O-O
9.Nf3e5 Bc8e6
10.Rf1e1 Nf6e4
11.Ne5xc6 bxc6
12.Nc3xe4 dxe4
13.Bg2xe4 Be6d5
14.Be4xd5 cxd5
15.e3 e5
16.Qd1a4 exd4
17.exd4 h5
18.Bc1f4 h4
19.Ra1c1 hxg3
20.hxg3 Qd8b6
21.Rc1c5 Ra8c8
22.Re1c1 Rc8xc5
23.dxc5 Qb6xb2
24.Rc1f1 { draw }
1/2-1/2

[Event "Tourn. n8068"]
[Site "www.chess-mail.com"]
[Date "2015.02.21"]
[Round "1"]
[White "Caspito"]
[Black "Falcoale"]
[WhiteElo "1840"]
[BlackElo "1860"]
[Result "0-1"]
[Round "1"]
1.e4 c5
2.c3 e6
3.d4 cxd4
4.cxd4 Ng8f6
5.e5 Nf6d5
6.Bf1b5 a6
7.Qd1a4 Nd5b6
8.Qa4a5 Nb8c6
9.Bb5xc6 bxc6
10.Ng1f3 Ra8b8
11.O-O Bf8e7
12.Bc1f4 O-O
13.Nb1d2 Qd8e8
14.Qa5a4 Nb6xa4
{ resign }
0-1

[Event "Tourn. n8015"]
[Site "www.chess-mail.com"]
[Date "2015.02.21"]
[Round "1"]
[White "Gatrooper"]
[Black "Olddog55"]
[WhiteElo "1470"]
[BlackElo "1700"]
[Result "0-1"]
[Round "1"]
1.e4 Nb8c6
2.Ng1f3 Ng8f6
3.Nb1c3 e6
4.d4 g6
5.a3 Bf8g7
6.e5 Nf6g4
7.Bc1g5 f6
8.exf6 Bg7xf6
9.Bg5xf6 Qd8xf6
10.h3 Ng4xf2
11.Kxf2 Nc6xd4
12.Kg1 e5
13.Nf3xd4 exd4
14.Nc3d5 Qf6e5
15.Bf1c4 c6
16.Nd5b4 d5
17.Bc4d3 O-O
 { time }
0-1

[Event "Tourn. n8009"]
[Site "www.chess-mail.com"]
[Date "2015.02.21"]
[Round "1"]
[White "Birdchess"]
[Black "Silent1"]
[WhiteElo "1660"]
[BlackElo "1880"]
[Result "0-1"]
[Round "1"]
1.d4 d5
2.c4 c6
3.cxd5 cxd5
4.Nb1c3 e6
5.e4 dxe4
6.Nc3xe4 Bf8e7
7.Ng1f3 Ng8f6
8.Ne4g3 O-O
9.Bf1e2 Nb8c6
10.O-O Bc8d7
11.h3 a6
12.Bc1e3 Nf6d5
13.Be3d2 Be7h4
14.Nf3xh4 Nc6xd4
15.Nh4f3 Nd4xe2
16.Qd1xe2 Bd7b5
17.Qe2e4 Bb5xf1
18.Nf3g5 Nd5f6
19.Qe4h4 Qd8xd2
20.Ra1xf1 h6
21.Ng5f3 Qd2xb2
22.Qh4f4 Qb2xa2
23.Ng3e4 Nf6xe4
24.Qf4xe4 Ra8b8
25.g4 b5
26.g5 h5
27.Qe4h4 g6
28.Qh4f4 Rb8c8
29.Qf4f6 Rc8c5
30.Nf3h4 Qa2d2
31.Nh4xg6 Rc5xg5
{ resign }
0-1

[Event "Tourn. n8033"]
[Site "www.chess-mail.com"]
[Date "2015.02.21"]
[Round "1"]
[White "Blackpool"]
[Black "Luban"]
[WhiteElo "1910"]
[BlackElo "2090"]
[Result "0-1"]
[Round "1"]
1.d4 d5
2.c4 e6
3.Nb1c3 h6
4.cxd5 exd5
5.Ng1f3 Ng8f6
6.g3 c5
7.Bf1g2 Bc8e6
8.O-O a6
9.Rf1e1 Bf8d6
10.dxc5 Bd6xc5
11.h3 Nb8c6
12.a3 O-O
13.b4 Bc5d6
14.Bc1b2 Nc6e5
15.Nf3xe5 Bd6xe5
16.Nc3a4 Be5xb2
17.Na4xb2 b5
18.Nb2d3 Nf6d7
19.Ra1c1 Ra8c8
20.Qd1d2 Qd8f6
21.Nd3f4 Nd7b6
22.Nf4d3 Nb6c4
23.Qd2a2 d4
24.Nd3c5 Rc8xc5
25.Qa2a1 Rc5c7
26.Re1d1 Rf8d8
{ resign }
0-1